| 000 | 00536nam a2200193 4500 | ||
|---|---|---|---|
| 001 | 3191 | ||
| 005 | 20181127170707.0 | ||
| 010 | 0 | 0 | _a |
| 020 | 0 | 0 | _a9789993678458 |
| 090 | 0 | 0 | _a954.98092 C8222o 2010 |
| 100 | 0 | 0 | _a |
| 245 | 0 | 0 |
_aOur King is crowned : _bImages of the coronation 2008. _h |
| 250 | 0 | 0 | _a |
| 260 | 0 | 0 |
_aThimphu: _bKuensel Corporation, Ltd., _c2010. |
| 300 | 0 | 0 |
_a197 p. : _bcol. ill. |
| 500 | 0 | 0 | _a |
| 650 | 0 | 0 |
_aCoronations --Bhutan. _x |
| 650 | 0 | 0 |
_aJigme Gesar Namgyel Wangchuck̇, King of Bhutan, 1980- --Coronation _x |
| 999 |
_c2576 _d2576 |
||